Brandy for breakfast.

Saved in:
Bibliographic Details
Main Author: Sorsbie, Malin, Sir, 1906-
Format: Book
Language:English
Published: London, Hamilton, 1972.
LEADER 00775nam a2200229 4500
001 c000074419
003 CARM
005 00000000000000.0
008 730430s1972 enkb 00001 eng
015 |a B72-23714 
019 1 |a 540383  |5 LACONCORD2021 
020 |a 0241022142 
035 |a (OCoLC)624453  |5 LACONCORD2021 
050 0 0 |a PZ4.S719  |b Br  |a PR6069.O7 
082 0 0 |a 823/.9/14 
100 1 |a Sorsbie, Malin,  |c Sir,  |d 1906- 
245 1 0 |a Brandy for breakfast. 
260 |a London,  |b Hamilton,  |c 1972. 
300 |a [10], 173 p.  |b map.  |c 21 cm. 
852 8 |b CARM  |h A2:AG12G0  |i A01493  |p 0113670  |f BK 
999 f f |i e9ffd84c-3f3b-59b8-910f-befff77eac0f  |s 118d2d9b-e8b2-5993-b818-ed6fc3099a48 
952 f f |p Can circulate  |a CAVAL  |b CAVAL  |c CAVAL  |d CARM 1 Store  |e A01493  |f A2:AG12G0  |h Other scheme  |i book  |m 0113670